| Поле | Инд. | ПП | Название | Значение |
|---|---|---|---|---|
| Тип записи | a | |||
| Библиографический уровень | m | |||
| 001 | Контрольный номер | a2cf27d6-4855-4dce-b036-0615eb8f674c | ||
| 005 | Дата корректировки | 20140703122921.3 | ||
| 008 | Кодируемые данные | 031110 | ||
| 020 | a | ISBN | 5-222-01803-2 | |
| c | Цена, тираж | 47.30 | ||
| 040 | a | Служба первич. каталог. | НБ ТвГУ | |
| 041 | a | Код языка текста | rus | |
| 080 | a | Индекс УДК | 796(072.3) | |
| a | Индекс УДК | 373.3.016:796 | ||
| 084 | a | Индекс другой классификации/Индекс ББК | Ч426.75 | |
| a | Индекс другой классификации/Индекс ББК | Ч515 | ||
| 090 | a | Полочн. индекс | Ч426.75 | |
| x | Авторский знак | Н20 | ||
| 100 | 1_ | a | Автор | Найминова Эльвира Борисовна |
| 245 | 10 | a | Заглавие | Физкультура |
| b | Продолж. заглавия | Методика преподавания. Спорт. игры : Кн. для учителя | ||
| c | Ответственность | Э. Найминова | ||
| 260 | 0_ | a | Место издания | Ростов н/Д |
| b | Издательство | Феникс | ||
| c | Дата издания | 2001 | ||
| 300 | a | Объем | 248,[3] с. | |
| b | Иллюстрации/ тип воспроизводства | табл., ил. | ||
| 500 | a | Примечание | На обл. авт. не указан. | |
| 504 | a | Библиография | Библиогр.: с.249. | |
| 583 | a | Действие | Получение впервые 257 06.11.2003 | |
| k | Исполнитель действия | ООО "Кроун" | ||
| 650 | a | Основная рубрика | Физическая культура | |
| x | Основная подрубрика | Методика преподавания в средней школе | ||
| 650 | a | Основная рубрика | Спортивные игры | |
| 653 | a | Ключевые слова | Детские игры | |
| a | Ключевые слова | Игры | ||
| a | Ключевые слова | Методика | ||
| a | Ключевые слова | Подвижные игры | ||
| a | Ключевые слова | Преподавание физической культуры | ||
| a | Ключевые слова | Спортивные игры | ||
| a | Ключевые слова | Физическая культура в школе | ||
| 852 | t | Порядковый номер экземпляра | 5 | |
| p | Инвентарный номер | 770741 | ||
| p | Инвентарный номер | 770746 | ||
| p | Инвентарный номер | 770745 | ||
| p | Инвентарный номер | 770743 | ||
| p | Инвентарный номер | 770742 | ||
| 888 | a | За счет средств университета | ||
| 930 | a | Новая/Ретро | методика | |
| 952 | p | 257.2003 47.30 1 770741 | ||
| p | 257.2003 47.30 1 770742 | |||
| p | 257.2003 47.30 1 770743 | |||
| p | 257.2003 47.30 1 770744 | |||
| p | 257.2003 47.30 1 770745 | |||
| p | 257.2003 47.30 1 770746 | |||
| c | Вид литературы | К ру | ||
| 954 | a | Дата поступления на обработку | 20031111 | |
| 999 | a | Подразделение 2 | Фил2 |